Animals by emoji #6 - Statistics

General Stats
  • This quiz has been taken 45 times
  • The average score is 12 of 15
Answer Stats
Hint Answer % Correct
🐁 Mouse
97%
🕊 Dove
95%
🦩 Flamingo
95%
🐀 Rat
95%
🦢 Swan
92%
🦚 Peacock
89%
🦃 Turkey
89%
🦔 Hedgehog
86%
🦜 Parrot
86%
🦥 Sloth
84%
🦫 Beaver
70%
🦦 Otter
70%
🦝 Racoon
70%
🐿 Squirrel
68%
🦡 Badger
59%
No matching quizzes found
Score Distribution
Percent of People with Each Score
Percentile by Number Answered
Your Score History
You have not taken this quiz